000 00293nam a2200121 i 4500
001 bg
245 0 _aTermodinamiczieskije swistwa indiwidualnych wieszcziestw.
_nT.3.
260 _aMoskwa,
_c1981.
040 _cBPK
041 _apol
942 _cKS
008 s pl f |000 0 pol
999 _c20446
_d20446
856 _uhttp://koha.tu.koszalin.pl/cgi-bin/koha/opac-detail.pl?biblionumber=20446
_yKatalog online BPK